000 00729nas1a22001931i 4500
001 rc\822362
005 20240723222222.0
035 _a(NLR Aleph) 006237757
090 _a6638611
_c6638611
100 _a20041129a19839999u |0rusy50 ca
101 0 _arus
102 _aRU
200 1 _aБуржуазная литература о проблемах развития народов Советского Востока
_eРеф. сб.
_fАН СССР, ИНИОН, АН УзССР, Центр. науч. информ. по обществ. наукам при Президиуме АН УзССР
210 _aМ.
_d1983-
333 _aДСП
801 0 _aRU
_bNLR
_gpsbo
801 1 _aRU
_bELAR
_2rusmarc
852 _aNLR
_jП22/5126
942 _cSE